000 00710nam a2200205Ia 4500
003 GCL
008 140319s9999 xx 000 0 ara d
040 _aGCL /
_cGCL
082 0 4 _a814.008
_bص ش
100 1 _aصلاح منتصر
245 1 0 _aالشعب يجلس على العرش وحكايات عمر /
_cصلاح منتصر
260 _aالقاهرة :
_bالهيئة المصرية العامة للكتاب ،
_c1997
300 _a158 ص
490 _aمكتبة الاسرة
_v0
650 0 4 _aالادب العربى
650 0 4 _aالمقالات العربية
650 0 4 _aالادب العربى - مجموعات
650 0 4 _aالمقالات العربية - مصر
942 _2ddc
_cBK
999 _c50772
_d50772